The 8 Superpowers of Successful Entrepreneurs : From Zero to Hero: the Business Strategies Adopted by Global Icons.

Bibliographic Details
Main Author: Nicholas, Marina.
Format: eBook
Language:English
Published: New York : Business Expert Press, 2021.
Edition:1st ed.
Series:Studien Zum Physik- und Chemielernen Series
Subjects:
Online Access:Click to View
LEADER 02406nam a22004453i 4500
001 EBC6524434
003 MiAaPQ
005 20240826032710.0
006 m o d |
007 cr cnu||||||||
008 240826s2021 xx o ||||0 eng d
020 |a 9781637420010  |q (electronic bk.) 
020 |z 9781637420003 
035 |a (MiAaPQ)EBC6524434 
035 |a (Au-PeEL)EBL6524434 
035 |a (OCoLC)1243550514 
040 |a MiAaPQ  |b eng  |e rda  |e pn  |c MiAaPQ  |d MiAaPQ 
050 4 |a HB615 
082 0 |a 658.421 
100 1 |a Nicholas, Marina. 
245 1 4 |a The 8 Superpowers of Successful Entrepreneurs :  |b From Zero to Hero: the Business Strategies Adopted by Global Icons. 
250 |a 1st ed. 
264 1 |a New York :  |b Business Expert Press,  |c 2021. 
264 4 |c Ã2021. 
300 |a 1 online resource (162 pages) 
336 |a text  |b txt  |2 rdacontent 
337 |a computer  |b c  |2 rdamedia 
338 |a online resource  |b cr  |2 rdacarrier 
490 1 |a Studien Zum Physik- und Chemielernen Series 
505 0 |a Cover -- Half-Title -- Title -- Copyright -- Dedication -- Description -- Contents -- Testimonials -- My Story -- Acknowledgments -- Introduction -- Category 1: Mindset -- Chapter 1: Power of Problem -- Chapter 2: Power of Perseverance -- Category 2: Marketing -- Chapter 3: Power of Positioning -- Chapter 4: Power of Proximity -- Category 3: Masses -- Chapter 5: Power of People -- Chapter 6: Power of Partnerships -- Category 4: Method -- Chapter 7: Power of Process -- Category 5: Movement -- Chapter 8: Power of Planet -- Chapter 9: Power of the 8 P's -- References -- About the Author -- Index -- Adpage -- Backcover. 
588 |a Description based on publisher supplied metadata and other sources. 
590 |a Electronic reproduction. Ann Arbor, Michigan : ProQuest Ebook Central, 2024. Available via World Wide Web. Access may be limited to ProQuest Ebook Central affiliated libraries.  
650 0 |a Risk management. 
650 0 |a Small business--Management. 
650 0 |a Entrepreneurship. 
655 4 |a Electronic books. 
776 0 8 |i Print version:  |a Nicholas, Marina  |t The 8 Superpowers of Successful Entrepreneurs  |d New York : Business Expert Press,c2021  |z 9781637420003 
797 2 |a ProQuest (Firm) 
830 0 |a Studien Zum Physik- und Chemielernen Series 
856 4 0 |u https://ebookcentral.proquest.com/lib/matrademy/detail.action?docID=6524434  |z Click to View